2022 Junior Eurovision Song Contest Countries Quiz - Statistics

General Stats
  • This quiz has been taken 288 times
    278 since last reset
  • The average score is 14 of 16
Answer Stats
Placee Song Artist(s) Country % Correct
1 "Oh maman!" Lissandro France
99%
6 "Señorita" Carlos Higes Spain
96%
2 "Dance!" Nare Armenia
95%
5 "Lose My Head" Freya Skye United Kingdom
94%
8 "Anos 70" Nicolas Alves Portugal
92%
4 "Solas" Sophie Lennon Ireland
91%
10 "To The Moon" Laura Bączkiewicz Poland
91%
3 "I Believe" Mariam Bigvava Georgia
90%
7 "La festa" Luna Netherlands
89%
11 "Bla Bla Bla" Chanel Dilecta Italy
87%
9 "Nezlamna (Unbreakable)" (Незламна) Zlata Dziunka Ukraine
87%
16 "Diamonds in the Skies" Gaia Gambuzza Malta
85%
13 "Svet bez granica" (Свет без граница) Katarina Savić Serbia
81%
14 "Životot e pred mene" (Животот е пред мене) Lara feat. Jovan and Irina North Macedonia
80%
12 "Pakëz diell" Kejtlin Gjata Albania
79%
15 "Jer-Ana (Mother Earth)" (Жер-Ана) David Charlin Kazakhstan
77%
No matching quizzes found
Score Distribution
Percent of People with Each Score
Percentile by Number Answered
Your Score History
You have not taken this quiz since the last reset